<?xml version="1.0" encoding="UTF-8"?>
<record
    xmlns:xsi="http://www.w3.org/2001/XMLSchema-instance"
    xsi:schemaLocation="http://www.loc.gov/MARC21/slim http://www.loc.gov/standards/marcxml/schema/MARC21slim.xsd"
    xmlns="http://www.loc.gov/MARC21/slim">

  <leader>00751cam a2200217 a 4500</leader>
  <controlfield tag="001">C00461861c-4</controlfield>
  <controlfield tag="003">CO-ViMGA</controlfield>
  <controlfield tag="005">20230915233553.0</controlfield>
  <controlfield tag="008">021027s2002    ck a    r     00010 spa d</controlfield>
  <datafield tag="040" ind1=" " ind2=" ">
    <subfield code="a">CO-ViMGA</subfield>
    <subfield code="b">spa</subfield>
    <subfield code="c">CO-ViMGA</subfield>
  </datafield>
  <datafield tag="043" ind1=" " ind2=" ">
    <subfield code="a">s-ck---</subfield>
  </datafield>
  <datafield tag="082" ind1="0" ind2="4">
    <subfield code="a">Fr 986.591 </subfield>
    <subfield code="b">S15h </subfield>
    <subfield code="2">19 ed.</subfield>
  </datafield>
  <datafield tag="100" ind1="1" ind2=" ">
    <subfield code="a">Salazar P&#xE9;rez, Otto Gerardo.</subfield>
    <subfield code="9">7214</subfield>
  </datafield>
  <datafield tag="245" ind1="1" ind2="0">
    <subfield code="a">Historia de historiadores / </subfield>
    <subfield code="c">Otto Gerardo Salazar P&#xE9;rez.</subfield>
  </datafield>
  <datafield tag="260" ind1=" " ind2=" ">
    <subfield code="a">Villavicencio : </subfield>
    <subfield code="b">Corporaci&#xF3;n cultural Municipal de Villavicencio,</subfield>
    <subfield code="c">2002.</subfield>
  </datafield>
  <datafield tag="300" ind1=" " ind2=" ">
    <subfield code="a">152 p. : </subfield>
    <subfield code="b">il. ; </subfield>
    <subfield code="c">24 cm.</subfield>
  </datafield>
  <datafield tag="504" ind1=" " ind2=" ">
    <subfield code="a">Incluye bibliograf&#xED;a.</subfield>
  </datafield>
  <datafield tag="650" ind1="1" ind2="4">
    <subfield code="a">Historiadores</subfield>
    <subfield code="z"> Villavicencio (Colombia)</subfield>
    <subfield code="v"> Biograf&#xED;as.</subfield>
    <subfield code="9">11017</subfield>
  </datafield>
  <datafield tag="651" ind1=" " ind2=" ">
    <subfield code="a">Villavicencio (Colombia)</subfield>
    <subfield code="x"> Historia.</subfield>
    <subfield code="9">8948</subfield>
  </datafield>
  <datafield tag="942" ind1=" " ind2=" ">
    <subfield code="2">ddc</subfield>
    <subfield code="c">BK</subfield>
  </datafield>
  <datafield tag="999" ind1=" " ind2=" ">
    <subfield code="c">36843</subfield>
    <subfield code="d">36843</subfield>
  </datafield>
  <datafield tag="952" ind1=" " ind2=" ">
    <subfield code="0">0</subfield>
    <subfield code="1">0</subfield>
    <subfield code="2">ddc</subfield>
    <subfield code="4">0</subfield>
    <subfield code="7">0</subfield>
    <subfield code="8">GEN</subfield>
    <subfield code="a">MEPLOPEZ</subfield>
    <subfield code="b">MEPLOPEZ</subfield>
    <subfield code="c">GEN</subfield>
    <subfield code="d">2025-08-29</subfield>
    <subfield code="l">0</subfield>
    <subfield code="o">Fr 986.591  S15h </subfield>
    <subfield code="p">PLZ02993</subfield>
    <subfield code="r">2025-08-29 16:53:35</subfield>
    <subfield code="t">Ej.1</subfield>
    <subfield code="w">2025-08-29</subfield>
    <subfield code="y">BK</subfield>
  </datafield>
</record>
